LEADER 01072nam0-2200361---450- 001 990000786220203316 035 $a0078622 035 $aUSA010078622 035 $a(ALEPH)000078622USA01 035 $a0078622 100 $a20011204d1986----km-y0itay0103----ba 101 0 $aita 102 $aIT 105 $aa|||||||001yy 200 1 $aManuale delle costruzioni in muratura semplice e armata$fGiorgio Preite 205 $a2. ed. agg. e ampl. 210 $aRoma$cESAC$dc1986 215 $a539 p.$cill.$d24 cm 606 $aMuratura 606 $aCostruzioni in cemento armato 676 $a693.21 700 1$aPREITE,$bGiorgio$0501328 801 0$aIT$bsalbc$gISBD 912 $a990000786220203316 951 $a693.21 PRE$b16663 Ing.$c693$d00079737 959 $aBK 969 $aTEC 979 $aSTELLA$b10$c20011204$lUSA01$h0935 979 $aJOHNNY$b90$c20020114$lUSA01$h0958 979 $c20020403$lUSA01$h1725 979 $aPATRY$b90$c20040406$lUSA01$h1654 996 $aManuale delle costruzioni in muratura semplice e armata$9724890 997 $aUNISA LEADER 00970cam2 22002893 450 001 SOB006022 005 20230620081818.0 010 $a8814085900 100 $a20040211d2001 |||||ita|0103 ba 101 $aita 102 $aIT 200 1 $a<<2: >>Parte speciale$fGiuseppe Giuliani, Francesco Giuliani 205 $a5. ed 210 $aMilano$cGiuffré$d2001 215 $aX, 853 p.$d24 cm. 461 1$1001SOBE00076276$12000 $aViolazioni e sanzioni delle leggi tributarie / Giuseppe Giuliani 700 1$aGiuliani$b, Giuseppe$3AF00006444$4070 701 1$aGiuliani, Francesco <1964->$3AF00017702$4070$0231892 801 0$aIT$bUNISOB$c20230620$gRICA 850 $aUNISOB 852 $aUNISOB$j340$m106489 912 $aSOB006022 940 $aM 102 Monografia moderna SBN 941 $aM 957 $a340$b003227$gSI$d106489$rACQUISTO$1carrano$2UNISOB$3UNISOB$420130111132320.0$520130111132604.0$6carrano 996 $aParte speciale$93383503 997 $aUNISOB